| 000 | 00737nam a2200229 a 4500 | ||
|---|---|---|---|
| 999 |
_c1417 _d1417 |
||
| 001 | 10992 | ||
| 003 | BD-DhUAP | ||
| 005 | 20210120152917.0 | ||
| 008 | 200206s2007 bg l f001 0 eng d | ||
| 040 |
_aBD-DhUAP _cBD-DhUAP _dBD-DhUAP _bEng |
||
| 082 | 0 | 0 |
_a348.5492022 BAN _223 |
| 245 | 1 | 4 |
_aThe Bangladesh code : _bbengal act No. IV of 1942 to E. B. act No. XXVIII of 1991. |
| 260 |
_aDhaka : _bMinistry of Law, Justice and Parliamentary Affairs, _c2007. |
||
| 300 |
_avolumes ; _c24 cm. |
||
| 505 | _aV. 10-- | ||
| 546 | _aEnglish and Bengali. | ||
| 650 | 0 |
_aLaw _zBangladesh. |
|
| 710 | _aGovernment of the peoples republic of Bangladesh. | ||
| 942 |
_2ddc _cBK |
||